[Event "Regionalliga SO 1617"]
[Site "Bayern"]
[Date "2017.02.19"]
[Round "6.6"]
[White "Steinheimer, Juergen"]
[Black "Feldbacher, Harald"]
[Result "1/2-1/2"]
[WhiteElo "2044"]
[BlackElo "1975"]
[PlyCount "85"]
[EventDate "2016.10.16"]
[EventType "team-tourn"]
[EventRounds "9"]
[EventCountry "GER"]
[SourceTitle "EXT 2019"]
[Source "ChessBase"]
[SourceDate "2018.10.10"]
[SourceVersion "1"]
[SourceVersionDate "2018.10.10"]
[SourceQuality "1"]
[WhiteTeam "Graefelfing"]
[BlackTeam "Starnberger See"]
[WhiteTeamCountry "GER"]
[BlackTeamCountry "GER"]

1. c4 f5 2. Nc3 Nf6 3. g3 d6 4. Bg2 g6 5. d3 Bg7 6. e4 c6 7. Nge2 e5 8. 0-0 0-0 9. b3 Qc7 10. Ba3 Rd8 11. Qd2 a5 12. Rad1 Na6 13. d4 exd4 14. Nxd4 fxe4 15. Nxe4 Nxe4 16. Bxe4 Nc5 17. Bf3 Bh3 18. Rfe1 Qf7 19. Bg2 Bg4 20. f3 Bd7 21. f4 Bg4 22. Nf3 Bf6 23. h3 Bxf3 24. Bxf3 Qg7 25. Qf2 Qf8 26. Bb2 Qg7 27. Re2 Rd7 28. Kg2 Rf8 29. Bg4 Rdd8 30. Bxf6 Qxf6 31. Qe1 h5 32. Bf3 h4 33. gxh4 Qxf4 34. Qg3 Qxg3+ 35. Kxg3 Rf6 36. h5 Rdf8 37. Bg4 gxh5 38. Bxh5 Kg7 39. Bg4 Kh6 40. Rd4 Rd8 41. Rf2 Rxf2 42. Kxf2 Rf8+ 43. Kg3 1/2-1/2

[Event "Gibraltar Masters 15th"]
[Site "Caleta"]
[Date "2017.02.02"]
[Round "10"]
[White "Serarols Mabras, Bernat"]
[Black "Feldbacher, Harald"]
[Result "1/2-1/2"]
[WhiteElo "2242"]
[BlackElo "2050"]
[PlyCount "72"]
[EventDate "2017.01.24"]
[EventType "swiss"]
[EventRounds "10"]
[EventCountry "GGB"]
[SourceTitle "EXT 2018"]
[Source "ChessBase"]
[SourceDate "2017.10.13"]
[SourceVersion "1"]
[SourceVersionDate "2017.10.13"]
[SourceQuality "1"]

1. d4 f5 2. Nc3 d5 3. Bg5 c6 4. e3 Nd7 5. Bd3 g6 6. h4 Bg7 7. g4 h6 8. Bf4 e5 9. dxe5 Nxe5 10. Bxe5 Bxe5 11. gxf5 Qf6 12. fxg6 Bxc3+ 13. bxc3 Qxc3+ 14. Kf1 Ne7 15. Rb1 0-0 16. Nh3 Bxh3+ 17. Rxh3 Qf6 18. Qe2 b6 19. Rb4 c5 20. Rf4 Qa1+ 21. Kg2 c4 22. Rhf3 cxd3 23. Rxf8+ Rxf8 24. Rxf8+ Kxf8 25. Qf3+ Ke8 26. Qf7+ Kd8 27. g7 dxc2 28. g8Q+ Nxg8 29. Qxg8+ Ke7 30. Qh7+ Kd6 31. Qxc2 Qg7+ 32. Kf1 Qf6 33. Qh7 Qxh4 34. Qg8 Kc7 35. Qxd5 Qh3+ 36. Ke1 a5 1/2-1/2

[Event "Gibraltar Masters 15th"]
[Site "Caleta"]
[Date "2017.02.01"]
[Round "9"]
[White "Feldbacher, Harald"]
[Black "Bach, Matthias"]
[Result "1-0"]
[WhiteElo "2050"]
[BlackElo "2264"]
[PlyCount "63"]
[EventDate "2017.01.24"]
[EventType "swiss"]
[EventRounds "10"]
[EventCountry "GGB"]
[SourceTitle "CBM 177"]
[Source "ChessBase"]
[SourceDate "2017.03.16"]
[SourceVersion "1"]
[SourceVersionDate "2017.03.16"]
[SourceQuality "1"]

1. d4 Nf6 2. Nf3 g6 3. g3 Bg7 4. Bg2 0-0 5. 0-0 d6 6. c4 c6 7. Nc3 Qa5 8. d5 Qa6 9. Nd2 Nbd7 10. Qc2 e6 11. dxc6 bxc6 12. e4 Ne5 13. b3 d5 14. h3 dxc4 15. f4 cxb3 16. Nxb3 Qd3 17. Qxd3 Nxd3 18. Ba3 Rd8 19. Be7 Rd7 20. Bxf6 Bxf6 21. e5 Bd8 22. Bxc6 Bb6+ 23. Kh2 Rc7 24. Bxa8 Rxc3 25. Rad1 Ba6 26. Rf3 Rc8 27. Bb7 Rc2+ 28. Rd2 Ne1 29. Rxc2 Bxb7 30. Rff2 Nxc2 31. Rxc2 Kf8 32. Nc5 1-0

[Event "Gibraltar Masters 15th"]
[Site "Caleta"]
[Date "2017.01.31"]
[Round "8"]
[White "Gluckman, David"]
[Black "Feldbacher, Harald"]
[Result "1-0"]
[WhiteElo "2215"]
[BlackElo "2050"]
[PlyCount "75"]
[EventDate "2017.01.24"]
[EventType "swiss"]
[EventRounds "10"]
[EventCountry "GGB"]
[SourceTitle "CBM 177"]
[Source "ChessBase"]
[SourceDate "2017.03.16"]
[SourceVersion "1"]
[SourceVersionDate "2017.03.16"]
[SourceQuality "1"]

1. Nf3 f5 2. e4 fxe4 3. Ng5 Nf6 4. d3 e3 5. Bxe3 e5 6. Nf3 Nc6 7. d4 e4 8. Ne5 d5 9. Bb5 Bd7 10. Nxd7 Qxd7 11. h3 a6 12. Be2 Bd6 13. Nd2 Ne7 14. g4 0-0 15. Nf1 b5 16. Qd2 c6 17. 0-0-0 a5 18. Ng3 Bb4 19. c3 Bd6 20. g5 Ne8 21. Rdg1 Qc7 22. h4 Bf4 23. Nh5 Bxe3 24. fxe3 Kh8 25. Nf4 Qd6 26. h5 Nc7 27. Bg4 b4 28. Qh2 Kg8 29. h6 g6 30. Nxg6 Qxg6 31. Qxc7 Nf5 32. Bh5 Qd6 33. Qxd6 Nxd6 34. g6 Rf2 35. g7 bxc3 36. bxc3 Rb8 37. Bg4 Rfb2 38. Be6+ 1-0

[Event "Gibraltar Masters 15th"]
[Site "Caleta"]
[Date "2017.01.30"]
[Round "7"]
[White "Feldbacher, Harald"]
[Black "Wilson, Matthew R"]
[Result "1-0"]
[WhiteElo "2050"]
[BlackElo "1791"]
[PlyCount "49"]
[EventDate "2017.01.24"]
[EventType "swiss"]
[EventRounds "10"]
[EventCountry "GGB"]
[SourceTitle "CBM 177"]
[Source "ChessBase"]
[SourceDate "2017.03.16"]
[SourceVersion "1"]
[SourceVersionDate "2017.03.16"]
[SourceQuality "1"]

1. d4 Nf6 2. Nf3 e6 3. c4 d5 4. Nc3 Be7 5. g3 Nbd7 6. Bg2 0-0 7. 0-0 dxc4 8. Qc2 h6 9. e4 Nb6 10. Rd1 c6 11. a4 a5 12. h3 Nh7 13. Be3 Qc7 14. Rd2 Ng5 15. Ne5 Bd6 16. f4 Bxe5 17. dxe5 Nh7 18. Rad1 f6 19. Bc5 Re8 20. exf6 Nxf6 21. e5 Nfd5 22. Qg6 Qf7 23. Be4 Qxg6 24. Bxg6 Rd8 25. Bxb6 1-0

[Event "Gibraltar Masters 15th"]
[Site "Caleta"]
[Date "2017.01.29"]
[Round "6"]
[White "Bujnoch, Radek"]
[Black "Feldbacher, Harald"]
[Result "1-0"]
[WhiteElo "2233"]
[BlackElo "2050"]
[PlyCount "121"]
[EventDate "2017.01.24"]
[EventType "swiss"]
[EventRounds "10"]
[EventCountry "GGB"]
[SourceTitle "CBM 177"]
[Source "ChessBase"]
[SourceDate "2017.03.16"]
[SourceVersion "1"]
[SourceVersionDate "2017.03.16"]
[SourceQuality "1"]

1. e4 c5 2. c3 Nf6 3. e5 Nd5 4. Bc4 Nb6 5. Bb3 c4 6. Bc2 d5 7. exd6 Qxd6 8. Nf3 Qe6+ 9. Qe2 Qxe2+ 10. Kxe2 Bg4 11. h3 Bh5 12. g4 Bg6 13. Bxg6 hxg6 14. b3 Nc6 15. Na3 e5 16. Nxc4 Nxc4 17. bxc4 e4 18. Ng5 f5 19. gxf5 gxf5 20. Rb1 b6 21. Ne6 Kf7 22. Nxf8 Rhxf8 23. Rb5 Kf6 24. Ba3 Rfd8 25. c5 Rd5 26. Rhb1 Ne5 27. cxb6 Rxd2+ 28. Kxd2 Nc4+ 29. Ke2 Nxa3 30. b7 Rb8 31. Ke3 Nc2+ 32. Ke2 Na3 33. f3 Nxb1 34. Rxb1 Ke5 35. fxe4 Kxe4 36. Rb4+ Kd5 37. Ke3 g6 38. Kf4 Kc6 39. Rb2 Rxb7 40. Rg2 Rh7 41. Rxg6+ Kc5 42. Rg3 Rh5 43. Ke5 a5 44. Rf3 Kc4 45. Rf4+ Kxc3 46. h4 Kd3 47. Rf3+ Kc4 48. Rh3 a4 49. Kf6 f4 50. Kg6 Rh8 51. h5 Kd5 52. h6 Ke4 53. Ra3 Ra8 54. h7 Ra6+ 55. Kg5 Ra8 56. Kg4 Rh8 57. Rxa4+ Ke3 58. Ra7 f3 59. Kg3 Rf8 60. Re7+ Kd4 61. Kf2 1-0

[Event "Regionalliga SO 1617"]
[Site "Bayern"]
[Date "2017.01.15"]
[Round "4.6"]
[White "Strangmueller, Andreas"]
[Black "Feldbacher, Harald"]
[Result "1/2-1/2"]
[WhiteElo "1891"]
[BlackElo "1975"]
[PlyCount "44"]
[EventDate "2016.10.16"]
[EventType "team-tourn"]
[EventRounds "9"]
[EventCountry "GER"]
[SourceTitle "EXT 2019"]
[Source "ChessBase"]
[SourceDate "2018.10.10"]
[SourceVersion "1"]
[SourceVersionDate "2018.10.10"]
[SourceQuality "1"]
[WhiteTeam "Landshut"]
[BlackTeam "Starnberger See"]
[WhiteTeamCountry "GER"]
[BlackTeamCountry "GER"]

1. d4 f5 2. c4 d6 3. Nf3 Nf6 4. Nc3 g6 5. g3 Bg7 6. Bg2 0-0 7. 0-0 Qe8 8. e4 Nxe4 9. Nxe4 fxe4 10. Ng5 Nc6 11. Be3 e5 12. d5 Nd4 13. Nxe4 Bf5 14. Rc1 b6 15. g4 Bxe4 16. Bxe4 a5 17. b3 Kh8 18. f3 Qe7 19. Kg2 Rf7 20. Rf2 Raf8 21. Qd2 Bf6 22. Rh1 g5 1/2-1/2

[Event "Bayern-chI Bank Hofmann 20th"]
[Site "Bad Wiessee"]
[Date "2016.10.30"]
[Round "2"]
[White "Feldbacher, Harald"]
[Black "Thejkumar, MS."]
[Result "0-1"]
[WhiteElo "2074"]
[BlackElo "2445"]
[PlyCount "69"]
[EventDate "2016.10.29"]
[EventType "swiss"]
[EventRounds "9"]
[EventCountry "GER"]
[SourceTitle "CBM 175 Extra"]
[Source "ChessBase"]
[SourceDate "2016.12.12"]
[SourceVersion "1"]
[SourceVersionDate "2016.12.12"]
[SourceQuality "1"]

1. e4 c6 2. d4 d5 3. e5 Bf5 4. Nc3 a6 5. g4 Bd7 6. Be3 h5 7. g5 g6 8. Nge2 Bg4 9. h3 Bxe2 10. Bxe2 e6 11. a3 Nd7 12. 0-0 c5 13. f4 Ne7 14. Bd3 Nc6 15. Nxd5 cxd4 16. Bc1 exd5 17. e6 fxe6 18. Bxg6+ Ke7 19. f5 e5 20. Qf3 Kd6 21. Bf7 Nb6 22. a4 a5 23. f6 Qd7 24. Bxh5 Qh7 25. Bg4 Kc7 26. Bf5 Qh4 27. Kh2 Bd6 28. Qg4 e4+ 29. Bf4 Qxg4 30. Bxg4 Ne5 31. Kg3 Nbc4 32. Be6 Ng6 33. Bxd6+ Kxd6 34. Bf5 Nce5 35. Rad1 0-1

[Event "Donau op 24th"]
[Site "Aschach"]
[Date "2015.12.28"]
[Round "4"]
[White "Feldbacher, Harald"]
[Black "Shkapenko, Pavel"]
[Result "0-1"]
[WhiteElo "2121"]
[BlackElo "2407"]
[PlyCount "41"]
[EventDate "2015.12.26"]
[EventType "swiss"]
[EventRounds "7"]
[EventCountry "AUT"]
[SourceTitle "CBM 170 Extra"]
[Source "ChessBase"]
[SourceDate "2016.02.25"]
[SourceVersion "1"]
[SourceVersionDate "2016.02.25"]
[SourceQuality "1"]

1. d4 Nf6 2. Bg5 Ne4 3. h4 d5 4. Nd2 Bf5 5. Ngf3 h6 6. Bf4 e6 7. e3 Bd6 8. Ne5 Nd7 9. Ndf3 f6 10. Nd3 Qe7 11. Bxd6 Qxd6 12. h5 0-0-0 13. Nh4 Bh7 14. Qg4 c5 15. c3 c4 16. Nf4 Qb6 17. Be2 Qxb2 18. 0-0 Ng5 19. Bxc4 dxc4 20. d5 Ne5 21. Qg3 0-1

[Event "Regionalliga SO 1516"]
[Site "Bayern"]
[Date "2015.12.13"]
[Round "4.6"]
[White "Hauschild, Helmut"]
[Black "Feldbacher, Harald"]
[Result "1-0"]
[WhiteElo "2097"]
[BlackElo "1973"]
[PlyCount "53"]
[EventDate "2015.10.11"]
[EventType "team-tourn"]
[EventRounds "9"]
[EventCountry "GER"]
[SourceTitle "EXT 2018"]
[Source "ChessBase"]
[SourceDate "2017.10.13"]
[SourceVersion "1"]
[SourceVersionDate "2017.10.13"]
[SourceQuality "1"]
[WhiteTeam "Waldkraiburg"]
[BlackTeam "Starnberger See"]
[WhiteTeamCountry "GER"]
[BlackTeamCountry "GER"]

1. e4 c5 2. d3 Nc6 3. g3 g6 4. Bg2 Bg7 5. f4 d6 6. Nf3 e6 7. 0-0 Nge7 8. c3 0-0 9. Be3 b6 10. Bf2 Ba6 11. a4 d5 12. e5 Qd7 13. Re1 Rfc8 14. Na3 Nf5 15. g4 Nfe7 16. Bh4 Rab8 17. Nb5 Rf8 18. Bf6 Nd8 19. Qd2 Ndc6 20. Qf2 Bb7 21. Qh4 a6 22. Nd6 Nc8 23. Nxc8 Bxc8 24. Ng5 h6 25. Re3 Re8 26. Rh3 Bf8 27. Qxh6 1-0

[Event "Regionalliga SO 1415"]
[Site "Bayern"]
[Date "2015.04.12"]
[Round "9.7"]
[White "Kunz, Heinz"]
[Black "Feldbacher, Harald"]
[Result "1/2-1/2"]
[WhiteElo "1849"]
[BlackElo "1973"]
[PlyCount "59"]
[EventDate "2014.10.19"]
[EventType "team-tourn"]
[EventRounds "9"]
[EventCountry "GER"]
[SourceTitle "EXT 2018"]
[Source "ChessBase"]
[SourceDate "2017.10.13"]
[SourceVersion "1"]
[SourceVersionDate "2017.10.13"]
[SourceQuality "1"]
[WhiteTeam "Landshut"]
[BlackTeam "Starnberger See"]
[WhiteTeamCountry "GER"]
[BlackTeamCountry "GER"]

1. d4 f5 2. Nf3 d6 3. g3 Nf6 4. Bg2 g6 5. 0-0 Bg7 6. c4 0-0 7. Nc3 Qe8 8. Re1 Qf7 9. e4 Nxe4 10. Nxe4 fxe4 11. Rxe4 Nc6 12. Qf1 Bf6 13. Bh6 Bf5 14. Rf4 Rfe8 15. g4 e5 16. dxe5 dxe5 17. Nxe5 Rxe5 18. gxf5 g5 19. Bd5 Rxd5 20. cxd5 Ne5 21. Qg2 Kh8 22. Rb4 Qh5 23. Rxb7 Qxh6 24. d6 cxd6 25. Rxh7+ Kxh7 26. Qxa8 Qh5 27. Qg2 Nf3+ 28. Kh1 Be5 29. h3 Nd4 30. Qg4 1/2-1/2

[Event "Regionalliga SO 1415"]
[Site "Bayern"]
[Date "2014.10.19"]
[Round "1.8"]
[White "Feldbacher, Harald"]
[Black "Von Schlippe, Nikolai"]
[Result "1-0"]
[WhiteElo "1973"]
[BlackElo "1970"]
[PlyCount "67"]
[EventDate "2014.10.19"]
[EventType "team-tourn"]
[EventRounds "9"]
[EventCountry "GER"]
[SourceTitle "EXT 2018"]
[Source "ChessBase"]
[SourceDate "2017.10.13"]
[SourceVersion "1"]
[SourceVersionDate "2017.10.13"]
[SourceQuality "1"]
[WhiteTeam "Starnberger See"]
[BlackTeam "Graefelfing"]
[WhiteTeamCountry "GER"]
[BlackTeamCountry "GER"]

1. d4 d5 2. Nf3 Nf6 3. c4 c6 4. Nc3 e6 5. g3 Bd6 6. Bg2 Nbd7 7. 0-0 0-0 8. Qc2 dxc4 9. a4 e5 10. Rd1 Qe7 11. Nh4 Nb6 12. dxe5 Bxe5 13. e4 Bg4 14. f3 Be6 15. a5 Nbd7 16. f4 Qc5+ 17. Kh1 Ng4 18. Rf1 Bd4 19. h3 Nf2+ 20. Kh2 f6 21. Na4 Qxa5 22. Rxf2 b5 23. Rd2 Be3 24. Rxd7 Bxd7 25. Bxe3 bxa4 26. Rxa4 Qc7 27. Rxc4 Rfe8 28. Bd4 Rac8 29. e5 fxe5 30. Bxe5 Qb6 31. Nf3 Be6 32. Ng5 g6 33. Nxe6 Rxe6 34. Bd5 1-0

[Event "Regionalliga SO 1314"]
[Site "Bayern"]
[Date "2014.02.23"]
[Round "7.8"]
[White "Hock, Martin"]
[Black "Feldbacher, Harald"]
[Result "0-1"]
[WhiteElo "1934"]
[BlackElo "1979"]
[PlyCount "80"]
[EventDate "2013.10.13"]
[EventType "team-tourn"]
[EventRounds "9"]
[EventCountry "GER"]
[SourceTitle "EXT 2015"]
[Source "ChessBase"]
[SourceDate "2014.11.20"]
[SourceVersion "1"]
[SourceVersionDate "2014.11.20"]
[SourceQuality "1"]
[WhiteTeam "Graefelfing"]
[BlackTeam "Starnberger See"]
[WhiteTeamCountry "GER"]
[BlackTeamCountry "GER"]

1. Nf3 f5 2. e4 fxe4 3. Ng5 Nc6 4. d3 e5 5. dxe4 Nf6 6. Bc4 d5 7. Bxd5 Nxd5 8. exd5 Nb4 9. c4 Bf5 10. Na3 Nd3+ 11. Kf1 Bc5 12. Ne6 Qh4 13. Qh5+ Qxh5 14. Nxg7+ Kd7 15. Nxh5 Nxf2 16. Rg1 Rhf8 17. Bh6 Bg4 18. Ke1 Bxh5 19. Bxf8 Rxf8 20. Nb5 Nd3+ 21. Kd2 Bxg1 22. Rxg1 Nxb2 23. Kc3 Nd1+ 24. Kb4 Ne3 25. h3 a6 26. Nc3 Bg6 27. Na4 b6 28. g4 Rf4 29. Rc1 Nxd5+ 30. Kb3 Rf3+ 31. Kb2 Nb4 32. Rd1+ Nd3+ 33. Ka1 Rxh3 34. Nc3 c6 35. Na4 Kc7 36. Nb2 Nb4 37. Rd2 Nc2+ 38. Kb1 Rh1+ 39. Nd1 Ne3+ 40. Kc1 Rxd1+ 0-1

[Event "Regionalliga SO 1314"]
[Site "Bayern"]
[Date "2014.02.09"]
[Round "6.6"]
[White "Feldbacher, Harald"]
[Black "Probst, Albert"]
[Result "1/2-1/2"]
[WhiteElo "1979"]
[BlackElo "1928"]
[PlyCount "88"]
[EventDate "2013.10.13"]
[EventType "team-tourn"]
[EventRounds "9"]
[EventCountry "GER"]
[SourceTitle "EXT 2015"]
[Source "ChessBase"]
[SourceDate "2014.11.20"]
[SourceVersion "1"]
[SourceVersionDate "2014.11.20"]
[SourceQuality "1"]
[WhiteTeam "Starnberger See"]
[BlackTeam "Bruckmuehl"]
[WhiteTeamCountry "GER"]
[BlackTeamCountry "GER"]

1. d4 g6 2. Nf3 Bg7 3. c4 d6 4. g3 Nd7 5. Bg2 c5 6. d5 Ngf6 7. 0-0 0-0 8. Nc3 Ng4 9. h3 Nge5 10. Nd2 f5 11. f4 Nf7 12. Qc2 Nf6 13. Kh2 a6 14. a4 Qc7 15. Ra2 e5 16. dxe6 Bxe6 17. Nd5 Nxd5 18. cxd5 Bd7 19. a5 b5 20. axb6 Qxb6 21. Nc4 Qc7 22. Bd2 Bb5 23. Re1 Rae8 24. b3 Re7 25. Ba5 Qb8 26. Bc3 Rfe8 27. Bxg7 Kxg7 28. Bf3 Nh6 29. Qc3+ Kf7 30. Kg2 Ng8 31. Na5 Re3 32. Qa1 Nf6 33. Qc1 Qc7 34. Kf2 Ne4+ 35. Kxe3 Nc3+ 36. Kf2 Nxa2 37. Qd2 Nb4 38. Nc4 Qe7 39. e4 Bxc4 40. bxc4 Qf6 41. Kg2 fxe4 42. Rxe4 Rxe4 43. Bxe4 Qd4 44. Qe2 Qa1 1/2-1/2

[Event "Bayern-chI Bank Hofmann 17th"]
[Site "Bad Wiessee"]
[Date "2013.10.26"]
[Round "2"]
[White "Kraemer, Martin"]
[Black "Feldbacher, Harald"]
[Result "1-0"]
[WhiteElo "2546"]
[BlackElo "2127"]
[PlyCount "67"]
[EventDate "2013.10.26"]
[EventType "swiss"]
[EventRounds "9"]
[EventCountry "GER"]
[SourceTitle "EXT 2014"]
[Source "ChessBase"]
[SourceDate "2013.11.20"]
[SourceVersion "1"]
[SourceVersionDate "2013.11.20"]
[SourceQuality "1"]

1. d4 f5 2. g3 d6 3. d5 Nf6 4. Bg2 g6 5. Nh3 Bg7 6. 0-0 0-0 7. c4 a5 8. Nc3 Na6 9. Be3 Bd7 10. Rc1 c6 11. Qb3 c5 12. Bd2 Nc7 13. a4 Na6 14. Nf4 Nb4 15. h4 Rb8 16. Rfe1 Bh6 17. Ne6 Bxd2 18. Nxd8 Rbxd8 19. Rcd1 Bxe1 20. Rxe1 Ng4 21. e3 Bc8 22. Ne2 Rf6 23. Qc3 b6 24. Nf4 Ne5 25. e4 fxe4 26. Rxe4 Rdf8 27. Rxe5 dxe5 28. Qxe5 R8f7 29. Be4 Rd6 30. h5 Bf5 31. Bxf5 gxf5 32. Ne6 Nd3 33. Qe3 Nxb2 34. Qb3 1-0

[Event "Regionalliga SO 1314"]
[Site "Bayern"]
[Date "2013.10.13"]
[Round "1.8"]
[White "Feldbacher, Harald"]
[Black "Hecker, Rafael"]
[Result "1/2-1/2"]
[WhiteElo "1979"]
[BlackElo "1851"]
[PlyCount "81"]
[EventDate "2013.10.13"]
[EventType "team-tourn"]
[EventRounds "9"]
[EventCountry "GER"]
[SourceTitle "EXT 2015"]
[Source "ChessBase"]
[SourceDate "2014.11.20"]
[SourceVersion "1"]
[SourceVersionDate "2014.11.20"]
[SourceQuality "1"]
[WhiteTeam "Starnberger See"]
[BlackTeam "Waldkraiburg"]
[WhiteTeamCountry "GER"]
[BlackTeamCountry "GER"]

1. d4 d5 2. Nf3 Nc6 3. g3 Nf6 4. Bg2 e6 5. 0-0 Be7 6. Nbd2 Ne4 7. e3 Nd6 8. b3 0-0 9. c4 a5 10. a3 Bf6 11. Bb2 Ne7 12. Qc2 c6 13. Rfe1 Ng6 14. Rad1 Bd7 15. Ne5 Re8 16. f4 Nf8 17. h3 Be7 18. Kh2 Bc8 19. e4 dxe4 20. Nxe4 Nxe4 21. Bxe4 Qc7 22. Qe2 Bf6 23. Ng4 Be7 24. Bc2 Ng6 25. Qf3 Bd7 26. h4 Bf8 27. h5 Ne7 28. d5 exd5 29. Nh6+ Kh8 30. Nxf7+ Kg8 31. Nh6+ Kh8 32. Nf7+ Kg8 33. Ng5 Nf5 34. Be5 Bd6 35. g4 Nh6 36. Bxh7+ Kh8 37. Bxd6 Qxd6 38. Bf5 Bxf5 39. gxf5 Qf6 40. cxd5 cxd5 41. Qxd5 1/2-1/2

[Event "Regionalliga SO 1213"]
[Site "Bayern"]
[Date "2013.02.03"]
[Round "6.7"]
[White "Feldbacher, Harald"]
[Black "Saveljev, Juri"]
[Result "1-0"]
[WhiteElo "1970"]
[BlackElo "1818"]
[PlyCount "127"]
[EventDate "2012.10.14"]
[EventType "team-tourn"]
[EventRounds "9"]
[EventCountry "GER"]
[SourceTitle "EXT 2015"]
[Source "ChessBase"]
[SourceDate "2014.11.20"]
[SourceVersion "1"]
[SourceVersionDate "2014.11.20"]
[SourceQuality "1"]
[WhiteTeam "Starnberger See"]
[BlackTeam "Tegernsee"]
[WhiteTeamCountry "GER"]
[BlackTeamCountry "GER"]

1. d4 d5 2. Nf3 Nf6 3. c4 e6 4. g3 Bb4+ 5. Bd2 Bxd2+ 6. Nbxd2 Nbd7 7. Bg2 0-0 8. 0-0 c6 9. Qc2 h6 10. Rac1 Re8 11. Rfd1 Qb6 12. b3 Nf8 13. e4 Ng6 14. e5 Nh7 15. h4 Qd8 16. Nf1 Ne7 17. Ne3 f6 18. Bf1 f5 19. Ng2 Ng6 20. h5 Ngf8 21. Nf4 Ng5 22. Nh4 Ne4 23. Kh2 Qg5 24. Bd3 Qd8 25. Qe2 Re7 26. f3 Ng5 27. Qe3 Bd7 28. Rc2 Be8 29. Rg2 Rf7 30. Bc2 Ngh7 31. Rdg1 Qg5 32. Rh1 Rd7 33. Kg1 Bxh5 34. Nxf5 Bg6 35. Nd6 Bxc2 36. Rxc2 Ng6 37. Kf2 Rf8 38. Rh5 Nxf4 39. Rxg5 Nh3+ 40. Kg2 N3xg5 41. f4 Nf7 42. cxd5 Nxd6 43. exd6 Rxd6 44. dxe6 Re8 45. f5 Nf6 46. Re2 Re7 47. g4 Nd5 48. Qe5 Rd8 49. Kg3 Nf6 50. Qc5 Nd5 51. Qxa7 b6 52. Qa3 Rc7 53. b4 Ne7 54. Re4 Nd5 55. Qb3 Kf8 56. Kh4 Ke7 57. a4 Nf6 58. Rf4 Nd5 59. Rf3 Nf6 60. Rd3 Rd5 61. a5 bxa5 62. bxa5 Ra7 63. Qa3+ Kd8 64. a6 1-0

[Event "Bayern-chI Bank Hofmann 14th"]
[Site "Bad Wiessee"]
[Date "2010.10.31"]
[Round "2"]
[White "Feldbacher, Harald"]
[Black "Meins, Gerlef"]
[Result "1/2-1/2"]
[WhiteElo "2131"]
[BlackElo "2475"]
[PlyCount "35"]
[EventDate "2010.10.30"]
[EventType "swiss"]
[EventRounds "9"]
[EventCountry "GER"]
[SourceTitle "EXT 2011"]
[Source "ChessBase"]
[SourceDate "2010.11.26"]
[SourceVersion "1"]
[SourceVersionDate "2010.11.26"]
[SourceQuality "1"]

1. d4 Nf6 2. Bg5 c5 3. d5 Qb6 4. Bxf6 gxf6 5. Nd2 Qxb2 6. Ngf3 d6 7. e4 Bh6 8. Rb1 Bxd2+ 9. Nxd2 Qe5 10. Bb5+ Kd8 11. 0-0 Rg8 12. f4 Qd4+ 13. Kh1 f5 14. c3 Qg7 15. Rf2 fxe4 16. Nxe4 Nd7 17. Bxd7 Kxd7 18. Qa4+ 1/2-1/2

[Event "Bayern-chI Bank Hofmann 10th"]
[Site "Bad Wiessee"]
[Date "2006.11.05"]
[Round "2"]
[White "Zysk, Robert"]
[Black "Feldbacher, Harald"]
[Result "1-0"]
[WhiteElo "2468"]
[BlackElo "2154"]
[PlyCount "53"]
[EventDate "2006.11.04"]
[EventType "swiss"]
[EventRounds "9"]
[EventCountry "GER"]
[SourceTitle "EXT 2007"]
[Source "ChessBase"]
[SourceDate "2006.11.23"]
[SourceVersion "1"]
[SourceVersionDate "2006.11.23"]
[SourceQuality "1"]

1. Nf3 f5 2. d3 g6 3. e4 d6 4. exf5 Bxf5 5. d4 Nf6 6. Bd3 Bg4 7. Nbd2 Bh6 8. h3 Bxd2+ 9. Bxd2 Bxf3 10. Qxf3 Nc6 11. Bb5 d5 12. Bxc6+ bxc6 13. Bh6 Qd6 14. 0-0 Ne4 15. Rfe1 0-0-0 16. Qg4+ Qd7 17. Qe2 Kb7 18. Rad1 Ka8 19. Rd3 Rb8 20. Bc1 Rhe8 21. Ra3 Rb6 22. Re3 h5 23. Qd3 g5 24. f3 Ng3 25. Re5 g4 26. hxg4 h4 27. Qh7 1-0

[Event "Bayern-chI Bank Hofmann 6th"]
[Site "Bad Wiessee"]
[Date "2002.10.31"]
[Round "6"]
[White "Feldbacher, Harald"]
[Black "Daurer, Walter"]
[Result "1-0"]
[WhiteElo "2026"]
[BlackElo "2178"]
[PlyCount "71"]
[EventDate "2002.10.26"]
[EventType "swiss"]
[EventRounds "9"]
[EventCountry "GER"]
[SourceTitle "EXT 2003"]
[Source "ChessBase"]
[SourceDate "2002.11.25"]
[SourceVersion "1"]
[SourceVersionDate "2002.11.25"]
[SourceQuality "1"]

1. Nf3 Nf6 2. d4 g6 3. c4 Bg7 4. g3 0-0 5. Bg2 d6 6. 0-0 Nc6 7. Nc3 a6 8. d5 Na5 9. Nd2 c5 10. Qc2 Rb8 11. b3 b5 12. Rb1 Bh6 13. cxb5 axb5 14. Nde4 Bg7 15. Nxf6+ exf6 16. b4 cxb4 17. Rxb4 Bd7 18. Qd3 Nc4 19. Bf4 f5 20. Rfb1 Bxc3 21. Qxc3 g5 22. Bc1 Rc8 23. Qd4 Re8 24. e3 Qe7 25. a4 Qe5 26. Qd3 Qf6 27. axb5 Ne5 28. Qd4 g4 29. Bb2 Qg6 30. Rd1 f6 31. b6 Rb8 32. b7 Red8 33. Rc1 Kf7 34. Rb6 Kg8 35. Ba3 Nf7 36. Rc7 1-0

[Event "Bayern-chI Bank Hofmann 6th"]
[Site "Bad Wiessee"]
[Date "2002.10.29"]
[Round "4"]
[White "Feldbacher, Harald"]
[Black "Dergileva, Larisa"]
[Result "1/2-1/2"]
[WhiteElo "2026"]
[BlackElo "2191"]
[PlyCount "116"]
[EventDate "2002.10.26"]
[EventType "swiss"]
[EventRounds "9"]
[EventCountry "GER"]
[SourceTitle "EXT 2003"]
[Source "ChessBase"]
[SourceDate "2002.11.25"]
[SourceVersion "1"]
[SourceVersionDate "2002.11.25"]
[SourceQuality "1"]

1. Nf3 d5 2. d4 Nf6 3. c4 e6 4. g3 Be7 5. Bg2 0-0 6. 0-0 dxc4 7. Qc2 b5 8. a4 c6 9. axb5 cxb5 10. Ng5 h6 11. Bxa8 hxg5 12. Bg2 Qb6 13. Bxg5 Nc6 14. e3 Nb4 15. Qe2 a5 16. Nc3 Ba6 17. Bxf6 Bxf6 18. Ne4 Be7 19. Qh5 Rc8 20. h4 Nd5 21. Rfc1 b4 22. Ng5 Bxg5 23. Qxg5 c3 24. b3 Bb7 25. h5 f6 26. Qg4 f5 27. Qg5 Ra8 28. h6 Qc7 29. Qg6 Qe7 30. e4 Qf6 31. Qxg7+ Qxg7 32. hxg7 Nb6 33. exf5 Bxg2 34. Kxg2 exf5 35. Kf3 a4 36. bxa4 Rxa4 37. Rxa4 Nxa4 38. Ke3 Nb2 39. d5 Kxg7 40. Kd4 Kf6 41. f4 Ke7 42. Ra1 c2 43. Rc1 b3 44. Kc3 Nd3 45. Kxd3 b2 46. Kxc2 bxc1Q+ 47. Kxc1 Kd6 48. Kd2 Kxd5 49. Ke3 Ke6 50. Kd3 Kd7 51. Kc4 Kc6 52. Kd3 Kd7 53. Ke3 Ke7 54. Kf3 Kf7 55. g4 fxg4+ 56. Kxg4 Kg6 57. f5+ Kf6 58. Kf4 Kf7 1/2-1/2